ՀՀ Գիտությունների ազգային ակադեմիայի հիմնարար գիտական գրադարան  =   Fundamental Scientific Library of NAS RA

Կենսագործունեության անվտանգություն և աշխատանքի պաշտպանությունը լեռնամետալուրգիական արդյունաբերությունում : (Record no. 525552)

MARC details
000 -LEADER
fixed length control field 01764nam a2200289 a 4500
003 - CONTROL NUMBER IDENTIFIER
control field AM-YeHGA
005 - DATE AND TIME OF LATEST TRANSACTION
control field 20250618080058.0
008 - FIXED-LENGTH DATA ELEMENTS--GENERAL INFORMATION
fixed length control field 220118s2021 ai df||fr|||||000|0|arm||
020 ## - INTERNATIONAL STANDARD BOOK NUMBER
International Standard Book Number 9789939790343
040 ## - CATALOGING SOURCE
Original cataloging agency AM-YeHGA
041 0# - LANGUAGE CODE
Language code of text/sound track or separate title arm
080 ## - UNIVERSAL DECIMAL CLASSIFICATION NUMBER
Universal Decimal Classification number 331.45(075)+614.8 (NLA)
001 - CONTROL NUMBER
control field 1813201
090 ## - LOCALLY ASSIGNED LC-TYPE CALL NUMBER (OCLC); LOCAL CALL NUMBER (RLIN)
-- 532780
100 1# - MAIN ENTRY--PERSONAL NAME
Personal name Մկրտչյան, Սոսիկ Սուրենի
245 10 - TITLE STATEMENT
Title Կենսագործունեության անվտանգություն և աշխատանքի պաշտպանությունը լեռնամետալուրգիական արդյունաբերությունում :
Remainder of title Դասագիրք /
Statement of responsibility, etc. Ս.Ս. Մկրտչյան ; Գրախոսներ՝ Ա.Ա. Աղայան, Է.Ա. Մարտիրոսյան ; Խմբագիր՝ Ն.Ա. Խաչատրյան ; ՀՀ կրթության, գիտության, մշակույթի և սպորտի նախարարություն ; Հայաստանի ազգային պոլիտեխնիկական համալսարան, Կապանի մասնաճյուղ.
260 ## - PUBLICATION, DISTRIBUTION, ETC.
Place of publication, distribution, etc. Երևան :
Name of publisher, distributor, etc. Ճարտարագետ,
Date of publication, distribution, etc. 2021.
300 ## - PHYSICAL DESCRIPTION
Extent 183 էջ :
Other physical details գծանկար, աղյուսակ ;
Dimensions 20 սմ.
504 ## - BIBLIOGRAPHY, ETC. NOTE
Bibliography, etc. note Գրականություն՝ էջ 183:
650 14 - SUBJECT ADDED ENTRY--TOPICAL TERM
Topical term or geographic name entry element Աշխատանքի պաշտպանություն
Form subdivision Ուսումնական ձեռնարկներ
650 14 - SUBJECT ADDED ENTRY--TOPICAL TERM
Topical term or geographic name entry element Կենսագործունեության անվտանգություն
General subdivision Առաջին օգնություն
700 1# - ADDED ENTRY--PERSONAL NAME
Personal name Աղայան, Ա.Ա.
Relator term գրախոս
Relationship rev
700 1# - ADDED ENTRY--PERSONAL NAME
Personal name Մարտիրոսյան, Է.Ա.
Relator term գրախոս
Relationship rev
700 1# - ADDED ENTRY--PERSONAL NAME
Personal name Խաչատրյան, Ն.Ա.
Relator term խմբագիր
Relationship edt
710 2# - ADDED ENTRY--CORPORATE NAME
Corporate name or jurisdiction name as entry element Հայաստանի ազգային պոլիտեխնիկական համալսարան :
Subordinate unit Կապանի մասնաճյուղ
9 (RLIN) 8822
942 ## - ADDED ENTRY ELEMENTS (KOHA)
Source of classification or shelving scheme Universal Decimal Classification
Koha item type Գրքեր / Books
Holdings
Withdrawn status Lost status Source of classification or shelving scheme Damaged status Not for loan Collection Home library Current library Date acquired Total checkouts Full call number Barcode Date last seen Price effective from Koha item type Public note
    Universal Decimal Classification     General Fundamental Scientific Library Fundamental Scientific Library 13/05/2022   AII/108586 FL0676606 13/05/2022 13/05/2022 Գրքեր / Books 30 Days Loan
    Universal Decimal Classification     General Fundamental Scientific Library Fundamental Scientific Library 13/05/2022   AII/108587 FL0676607 13/05/2022 13/05/2022 Գրքեր / Books 30 Days Loan


ՀՀ ԳԱԱ հիմնարար գիտական գրադարան
ՀՀ,Երևան 0019
Մարշալ Բաղրամյան 24/6
հեռախոս:(374-10) 52-47-50
Հետադարձ կապ

All site content, except where otherwise noted, is licensed under a
Creative Commons License